Pharmaceutical Biotechnology (Record no. 302328)

MARC details
000 -LEADER
fixed length control field 00333pam a2200133a 44500
008 - FIXED-LENGTH DATA ELEMENTS--GENERAL INFORMATION
fixed length control field 230405s1998 xxu||||| |||| 00| 0 eng d
041 ## - LANGUAGE CODE
Language code of text/sound track or separate title ENG
100 ## - MAIN ENTRY--PERSONAL NAME
Personal name Vyas D.p
245 ## - TITLE STATEMENT
Title Pharmaceutical Biotechnology
260 ## - PUBLICATION, DISTRIBUTION, ETC.
Place of publication, distribution, etc. new delhi
Name of publisher, distributor, etc. C.B.S Publishers & Distributers
Date of publication, distribution, etc. 1998
300 ## - PHYSICAL DESCRIPTION
Extent 674
700 ## - ADDED ENTRY--PERSONAL NAME
Personal name Dixit V.K
906 ## - LOCAL DATA ELEMENT F, LDF (RLIN)
a 11829
Holdings
Withdrawn status Lost status Damaged status Not for loan Collection Home library Current library Shelving location Date acquired Source of acquisition Cost, normal purchase price Total Checkouts Barcode Date last seen Price effective from Koha item type
          Matoshri Bayabai Shripatrao Kadam Kanya Mahavidyalaya, Kadegaon, Sangli Matoshri Bayabai Shripatrao Kadam Kanya Mahavidyalaya, Kadegaon, Sangli   05/09/2011 Goel Book Agnecies 31 Budhwar peth 375.00   KVK-YCX00441 18/04/2023 18/04/2023 Book